Tout les personnages de Mario kart - Statistiques

Statistiques générales
  • Ce quiz a été pris 373 fois
    245 depuis la dernière actualisation
  • Le résultat moyen est 32 sur 65
Statistiques - réponses
Réponse % Correct
Mario
100%
Luigi
100%
Peach
98%
Bowser
95%
Daisy
92%
Yoshi
92%
Wario
89%
Waluigi
88%
Donkey kong
87%
Toad
87%
Bébé Mario
77%
Harmonie
77%
Bébé Luigi
76%
Koopa
74%
Bébé Peach
72%
Bébé Daisy
70%
Diddy Kong
69%
Bowser Jr.
68%
Link
66%
Roi Boo
65%
Toadette
65%
Mii
63%
Skelerex
63%
Bébé Harmonie
58%
Maskass
57%
Birdo
56%
Mario de Métal
52%
Funky kong
50%
Bowser skelet
49%
Lakitu
45%
Villageois
45%
Larry
43%
Wiggler
43%
Pauline
41%
Mario d'or
40%
Peach d'or rose
39%
Lemmy
38%
Marie
38%
Kamek
37%
Morton
37%
Flora Piranha
36%
Inkling Fille
36%
Inkling Garçon
36%
R.O.B.
36%
Ludwig
35%
Mario Tanuki
35%
Wendy
35%
Peach chat
34%
Iggy
33%
Roy
33%
Peachette
32%
Donkey kong jr
32%
Peachette
32%
Paratroopa
30%
Reine des abeilles
30%
Villageoise
27%
Dixie Kong
21%
Frère Marto
16%
Roi Bob-omb
13%
Carottin
11%
Topi Taupe
10%
Poochy
8%
Bill Dozer
7%
Capitaine Toad
7%
Frère Boomerang
7%
Aucun quiz correspondant
Distribution des résultats
% des personnes avec chaque résultat
Percentile par nombre de réponses
Votre historique - résultats
Vous n’avez pas pris ce quiz depuis la dernière actualisation